INTERNATIONAL history of the twentieth century and beyond
Guardat en:
| Autor principal: | |
|---|---|
| Format: | Llibre |
| Idioma: | anglès |
| Publicat: |
Routledge
2015
|
| Etiquetes: |
Afegir etiqueta
Sense etiquetes, Sigues el primer a etiquetar aquest registre!
|
MARC
| LEADER | 00000nam a22000007a 4500 | ||
|---|---|---|---|
| 008 | 201210b ||||| |||| 00| 0 eng d | ||
| 020 | |a 978-0-415-65642-9 | ||
| 100 | |a BEST, Antony …[et al.] | ||
| 245 | |a INTERNATIONAL history of the twentieth century and beyond |c Antony Best …[et al.] |g xxix, 666p.; ill. | ||
| 250 | |b 3rd ed. | ||
| 260 | |b Routledge |c 2015 |h New York |i 691474 |i 691475 |l D443 .In8 |m World politics – 20th century |m World politics – 21st century | ||
| 500 | |a It includes index | ||
| 942 | |a lcc |c BK |e Kuteyi M. A. |f 10/12/2020 | ||
| 952 | |0 0 |1 0 |2 lcc |4 0 |6 D0443 I N8 |7 0 |9 298 |a HOL |b ART |c AF |d 2020-12-10 |l 0 |o D443 .In8 |p 2020-2035 |r 2020-12-10 00:00:00 |w 2020-12-10 |y BK | ||
| 952 | |0 0 |1 0 |2 lcc |4 0 |6 D0443 I N8 |7 0 |9 299 |a HOL |b HOL |c AF |d 2020-12-10 |l 0 |o D443 .In8 |p 2020-2036 |r 2020-12-10 00:00:00 |w 2020-12-10 |y BK | ||
| 999 | |c 132 |d 132 | ||